<?xml version="1.0" encoding="UTF-8"?><?xml-stylesheet type="text/xsl" href="static/style.xsl"?><OAI-PMH xmlns="http://www.openarchives.org/OAI/2.0/" xmlns:xsi="http://www.w3.org/2001/XMLSchema-instance" xsi:schemaLocation="http://www.openarchives.org/OAI/2.0/ http://www.openarchives.org/OAI/2.0/OAI-PMH.xsd"><responseDate>2026-04-13T07:04:16Z</responseDate><request verb="GetRecord" identifier="oai:www.recercat.cat:2445/224164" metadataPrefix="marc">https://recercat.cat/oai/request</request><GetRecord><record><header><identifier>oai:recercat.cat:2445/224164</identifier><datestamp>2025-12-04T23:42:39Z</datestamp><setSpec>com_2072_1057</setSpec><setSpec>col_2072_478770</setSpec><setSpec>col_2072_478917</setSpec></header><metadata><record xmlns="http://www.loc.gov/MARC21/slim" xmlns:dcterms="http://purl.org/dc/terms/" xmlns:xsi="http://www.w3.org/2001/XMLSchema-instance" xmlns:doc="http://www.lyncode.com/xoai" xsi:schemaLocation="http://www.loc.gov/MARC21/slim http://www.loc.gov/standards/marcxml/schema/MARC21slim.xsd">
   <leader>00925njm 22002777a 4500</leader>
   <datafield ind2=" " ind1=" " tag="042">
      <subfield code="a">dc</subfield>
   </datafield>
   <datafield ind2=" " ind1=" " tag="720">
      <subfield code="a">Mata Codesal, Diana</subfield>
      <subfield code="e">author</subfield>
   </datafield>
   <datafield ind2=" " ind1=" " tag="720">
      <subfield code="a">Aramburu, Mikel</subfield>
      <subfield code="e">author</subfield>
   </datafield>
   <datafield ind2=" " ind1=" " tag="260">
      <subfield code="c">2025-11-06T15:40:39Z</subfield>
   </datafield>
   <datafield ind2=" " ind1=" " tag="260">
      <subfield code="c">2025-11-06T15:40:39Z</subfield>
   </datafield>
   <datafield ind2=" " ind1=" " tag="260">
      <subfield code="c">2025</subfield>
   </datafield>
   <datafield ind2=" " ind1=" " tag="260">
      <subfield code="c">2025-11-06T15:40:39Z</subfield>
   </datafield>
   <datafield ind2=" " ind1=" " tag="520">
      <subfield code="a">[spa] Este artículo explora las posibilidades heurísticas de tratar conjuntamente las migraciones internas e internacionales, algo descuidado por los estudios migratorios que han tendido a analizarlas por separado. Centrado en el caso de Barcelona desde 1960 hasta 2020, el estudio conjuga el análisis de fuentes secundarias y los trabajos de campo etnográfico realizados por los autores en dos barrios de la ciudad. Se muestra cómo ambos tipos de movilidades han sido “migrantizadas”, es decir, sujetas a una condición social distintiva que remite a los procesos de subalterización a los que estos grupos han sido sometidos en las sociedades de residencia. Si bien la generalización de los resultados a otros casos requiere mayor investigación, se aportan evidencias sólidas del carácter contingente de la categoría inmigrante y las posibilidades analíticas de explorar los procesos de fronterización —construcción, deconstrucción y reconstrucción de fronteras (boundaries)— que se generan en torno a la movilidad de poblaciones.</subfield>
   </datafield>
   <datafield ind2=" " ind1=" " tag="520">
      <subfield code="a">[eng] This article explores the heuristic possibilities of jointly addressing internal and&#xd;
international migrations, an aspect often neglected by migration studies which&#xd;
have tended to analyze them separately. Focused on the case of Barcelona between 1960 and 2020, the study combines the analysis of secondary sources and&#xd;
ethnographic fieldwork conducted by the authors in two neighborhoods of the&#xd;
city. It shows how both types of mobility have been “migrantized”, that is, subjected to a distinctive social condition that refers to the processes of subalternization&#xd;
to which these groups have been subjected in their societies of residence. While&#xd;
the scope of generalization of the results to other cases requires further research, solid evidence is provided of the contingent nature of the immigrant category and&#xd;
the analytical possibilities of exploring the processes of boundary-making —construction, deconstruction, and reconstruction of boundaries— related to human mobility.&#xd;
Keywords: migrantize, boundary-making, internal migration, international migration.</subfield>
   </datafield>
   <datafield tag="653" ind2=" " ind1=" ">
      <subfield code="a">Migració (Població)</subfield>
   </datafield>
   <datafield tag="653" ind2=" " ind1=" ">
      <subfield code="a">Migració interna</subfield>
   </datafield>
   <datafield tag="653" ind2=" " ind1=" ">
      <subfield code="a">Fronteres</subfield>
   </datafield>
   <datafield tag="653" ind2=" " ind1=" ">
      <subfield code="a">Barcelona (Catalunya)</subfield>
   </datafield>
   <datafield tag="653" ind2=" " ind1=" ">
      <subfield code="a">Migration (Population)</subfield>
   </datafield>
   <datafield tag="653" ind2=" " ind1=" ">
      <subfield code="a">Internal migration</subfield>
   </datafield>
   <datafield tag="653" ind2=" " ind1=" ">
      <subfield code="a">Boundaries</subfield>
   </datafield>
   <datafield tag="653" ind2=" " ind1=" ">
      <subfield code="a">Barcelona (Catalonia)</subfield>
   </datafield>
   <datafield ind2="0" ind1="0" tag="245">
      <subfield code="a">En las Fronteras de la Autoctonía. Migrantes internos e internacionales en Barcelona (España)</subfield>
   </datafield>
   <datafield ind2="0" ind1="0" tag="245">
      <subfield code="a">Autochthony boundaries. Internal and international&#xd;
migrants in Barcelona (Spain)</subfield>
   </datafield>
</record></metadata></record></GetRecord></OAI-PMH>